000 00432nam a2200145 i 4500
001 76815
003 ES-MaACL
005 20230906172953.0
007 t|
008 041005s1971 sp ||||1| eng d
245 0 2 _aA guide to the stages of prayer according to St. Teresa of Jesus and St. John of the Cross.
260 _a[Salamanca :
_bs.n.,
_c1971] (
_fOrtega)
300 _a85 p. ;
_c18 cm.
852 _aES-MaACL
_jC-52745
_bR.82104
999 _c76815
_d76815